| 000 | 00783nam a2200253Ia 4500 | ||
|---|---|---|---|
| 003 | GCL | ||
| 005 | 20240530101812.0 | ||
| 008 | 140319s9999 xx 000 0 ara d | ||
| 040 |
_aGCL / _cGCL |
||
| 082 | 0 | 4 |
_a212.5 _bم ب |
| 100 | 1 | _aمقداد يالجن | |
| 245 | 1 | 0 |
_aبناء البيت السعيد فى ضوء الاسلام / _cمقداد يالجن |
| 260 |
_aالرياض : _bدار المريخ للنشر ، _c1987 |
||
| 300 |
_a251 ص ؛ _c24 سم |
||
| 650 | 0 | 4 | _aالاطفال |
| 650 | 0 | 4 | _aالزواج |
| 650 | 0 | 4 | _aالنساء |
| 650 | 0 | 4 | _aالاجتماع |
| 650 | 0 | 4 | _aالاسرة فى الاسلام |
| 650 | 0 | 4 | _aالاصلاح الاجتماعى |
| 650 | 0 | 4 | _aالتغير الاجتماعى |
| 650 | 0 | 4 | _aالعائلة |
| 942 |
_2ddc _cBK |
||
| 999 |
_c27811 _d27811 |
||